000 00551nam a2200205Ia 4500
005 20250923144417.0
008 008 250917s9999 xx 000 0 eng d
037 _aTextual
040 _aDSWL
_beng
_cDSWL
041 _aeng
_2eng
084 _aS8, H5
_qDSWL
100 _aBlackburn, Julian Au.
_9824618
245 0 _aPsychology and the social pattern
_cby Julian Au. Blackburn
260 _aLondon
_c1945
300 _a157 p.
365 _aINR
_b14
925 _g14
942 _cTEXL
_hS8, H5
999 _c1438508
_d1438508